[Event "Nassau Lindroth Memorial op"]
[Site "Nassau"]
[Date "2024.06.09"]
[Round "6"]
[White "Sevillano, Enrico"]
[Black "McDonald, Jhustice Dimonte"]
[Result "1-0"]
[WhiteElo "2323"]
[BlackElo "1902"]
[PlyCount "145"]
[EventDate "2024.06.06"]
[EventType "swiss"]
[EventRounds "9"]
[EventCountry "BAH"]
[SourceTitle "CBM 220 Extra"]
[Source "ChessBase"]
[SourceDate "2024.07.31"]
[SourceVersion "1"]
[SourceVersionDate "2024.07.31"]
[SourceQuality "1"]

1. e4 c5 2. c3 Nf6 3. e5 Nd5 4. d4 cxd4 5. Qxd4 e6 6. Bc4 Nc6 7. Qe4 Nb6 8. Bb3 d5 9. exd6 Bxd6 10. Nf3 Nd7 11. Bc2 Nf6 12. Qh4 Bd7 13. 0-0 Qc7 14. Nbd2 Nb4 15. Bb1 Nbd5 16. Nc4 Bf4 17. Bxf4 Qxc4 18. Bg5 Qxh4 19. Bxh4 Bb5 20. Re1 0-0 21. Bc2 Nf4 22. Nd4 Bd3 23. Bb3 Bg6 24. Rad1 Nd3 25. Re2 Nf4 26. Re5 Nd3 27. Bxf6 gxf6 28. Re2 Rfd8 29. Red2 Nc5 30. Ne2 Rxd2 31. Rxd2 Nxb3 32. axb3 Kf8 33. Rd7 Be4 34. Rd4 Bc6 35. f3 Ke7 36. Kf2 Rd8 37. Ke3 Rxd4 38. Nxd4 Kd6 39. b4 Bd7 40. f4 f5 41. c4 b6 42. Nf3 f6 43. Kd4 Bc6 44. c5+ Kc7 45. Nd2 Bxg2 46. Nc4 Kc6 47. Nd6 Kd7 48. Nb5 a6 49. Nd6 a5 50. bxa5 bxa5 51. Nc4 Bd5 52. Nxa5 Kc7 53. b4 Kb8 54. b5 Ka7 55. h3 Bg2 56. c6 Kb6 57. Nc4+ Kxb5 58. c7 Bb7 59. Nd6+ Kc6 60. c8Q+ Bxc8 61. Nxc8 Kc7 62. Na7 Kd6 63. Nb5+ Ke7 64. Kc5 Kf7 65. Kd6 e5 66. fxe5 fxe5 67. Kxe5 Kg6 68. Nd4 Kg5 69. Nf3+ Kg6 70. Kf4 h6 71. Nh4+ Kh5 72. Nxf5 Kg6 73. Kg4 1-0

[Event "Nassau Lindroth Memorial op"]
[Site "Nassau"]
[Date "2024.06.08"]
[Round "4"]
[White "Sevillano, Enrico"]
[Black "Balakrishnan, Praveen"]
[Result "1-0"]
[WhiteElo "2323"]
[BlackElo "2510"]
[PlyCount "83"]
[EventDate "2024.06.06"]
[EventType "swiss"]
[EventRounds "9"]
[EventCountry "BAH"]
[SourceTitle "CBM 220 Extra"]
[Source "ChessBase"]
[SourceDate "2024.07.31"]
[SourceVersion "1"]
[SourceVersionDate "2024.07.31"]
[SourceQuality "1"]

1. e4 c5 2. c3 Nf6 3. e5 Nd5 4. Bc4 Nb6 5. Bb3 d6 6. exd6 Qxd6 7. Ne2 Nc6 8. 0-0 Bg4 9. Na3 e6 10. f3 Bf5 11. d4 cxd4 12. Nb5 Qd7 13. Nbxd4 Bg6 14. Nxc6 Qxc6 15. Nd4 Bc5 16. Be3 Qc7 17. Qe2 0-0 18. Rad1 Bd6 19. g3 Qe7 20. Nxe6 fxe6 21. Bxb6 Rfe8 22. Bf2 Kh8 23. Rfe1 Bf7 24. Rd4 Bc5 25. Re4 Bxf2+ 26. Qxf2 Qf6 27. Rf4 Qe7 28. Rfe4 Qf6 29. Qe3 h6 30. Kg2 Re7 31. Bxe6 Bg6 32. Bf5 Rxe4 33. Bxe4 Bxe4 34. Qxe4 Qb6 35. Re2 Rd8 36. h4 Rd1 37. Rf2 Rd6 38. Re2 Rd1 39. h5 a6 40. Qe8+ Kh7 41. Re6 Qg1+ 42. Kh3 1-0

[Event "Las Vegas Bridgeopolis"]
[Site "Las Vegas"]
[Date "2023.11.30"]
[Round "3"]
[White "Georgiev, Vladimir"]
[Black "Sevillano, Enrico"]
[Result "1/2-1/2"]
[WhiteElo "2408"]
[BlackElo "2343"]
[PlyCount "20"]
[EventDate "2023.11.29"]
[EventType "tourn"]
[EventRounds "10"]
[EventCountry "USA"]
[EventCategory "7"]
[SourceTitle "CBM 217 Extra"]
[Source "ChessBase"]
[SourceDate "2024.01.31"]
[SourceVersion "1"]
[SourceVersionDate "2024.01.31"]
[SourceQuality "1"]

1. d4 Nf6 2. c4 e6 3. Nf3 d5 4. g3 Be7 5. Bg2 0-0 6. 0-0 c6 7. Qc2 b6 8. b3 Bb7 9. Nc3 Nbd7 10. Rd1 Ba6 1/2-1/2

[Event "Las Vegas Bridgeopolis"]
[Site "Las Vegas"]
[Date "2023.11.29"]
[Round "2"]
[White "Sevillano, Enrico"]
[Black "Ghaem Maghami, Ehsan"]
[Result "1/2-1/2"]
[WhiteElo "2343"]
[BlackElo "2486"]
[PlyCount "65"]
[EventDate "2023.11.29"]
[EventType "tourn"]
[EventRounds "10"]
[EventCountry "USA"]
[EventCategory "7"]
[SourceTitle "CBM 217 Extra"]
[Source "ChessBase"]
[SourceDate "2024.01.31"]
[SourceVersion "1"]
[SourceVersionDate "2024.01.31"]
[SourceQuality "1"]

1. e4 c5 2. Nf3 e6 3. c3 Nf6 4. e5 Nd5 5. Bc4 d6 6. 0-0 Nb6 7. Bb3 c4 8. Bc2 dxe5 9. Nxe5 N8d7 10. d4 cxd3 11. Nxd3 Nf6 12. Bg5 Qd5 13. Be3 Bd7 14. Nf4 Qc6 15. Nd2 Bd6 16. Nh5 0-0-0 17. Nxf6 gxf6 18. Qh5 f5 19. Bd1 Qc7 20. Bf3 Kb8 21. Rfd1 e5 22. Bxb6 axb6 23. Nc4 Bc5 24. Qxf7 e4 25. Be2 Rhf8 26. Qg7 f4 27. Ne5 Ba4 28. Qxc7+ Kxc7 29. b3 Rde8 30. Rd5 Rf5 31. bxa4 Rexe5 32. Rxe5 Rxe5 33. Rd1 1/2-1/2

[Event "Redmond PNWCC Schev 1"]
[Site "Redmond"]
[Date "2023.08.21"]
[Round "5.1"]
[White "Sevillano, Enrico"]
[Black "He, Anthony B"]
[Result "0-1"]
[WhiteElo "2358"]
[BlackElo "2501"]
[PlyCount "62"]
[EventDate "2023.08.19"]
[EventType "schev"]
[EventRounds "10"]
[EventCountry "USA"]
[SourceTitle "CBM 216 Extra"]
[Source "ChessBase"]
[SourceDate "2023.11.30"]
[SourceVersion "1"]
[SourceVersionDate "2023.11.30"]
[SourceQuality "1"]
[WhiteTeam "Masters"]
[BlackTeam "Challengers"]
[WhiteTeamCountry "USA"]
[BlackTeamCountry "USA"]

1. d4 Nf6 2. Nf3 d5 3. c4 e6 4. Nc3 dxc4 5. e3 a6 6. Bxc4 c5 7. 0-0 b5 8. Be2 Bb7 9. Bd2 Nbd7 10. Rc1 Be7 11. dxc5 Nxc5 12. a4 b4 13. Na2 b3 14. Nc3 0-0 15. Nd4 Rb8 16. Bc4 Qd7 17. Qe2 e5 18. Nf3 Bxf3 19. gxf3 Qh3 20. Kh1 e4 21. fxe4 Ncxe4 22. Nxe4 Nxe4 23. Be1 Rfd8 24. f3 Rd2 25. Bxd2 Ng3+ 26. Kg1 Nxe2+ 27. Bxe2 Rb6 28. Kh1 Rd6 29. Be1 Rg6 30. Rf2 Bh4 31. Bf1 Bxf2 0-1

[Event "Redmond PNWCC Schev 1"]
[Site "Redmond"]
[Date "2023.08.20"]
[Round "4.1"]
[White "Sevillano, Enrico"]
[Black "Harish, Neeraj"]
[Result "1-0"]
[WhiteElo "2358"]
[BlackElo "2040"]
[PlyCount "83"]
[EventDate "2023.08.19"]
[EventType "schev"]
[EventRounds "10"]
[EventCountry "USA"]
[SourceTitle "CBM 216 Extra"]
[Source "ChessBase"]
[SourceDate "2023.11.30"]
[SourceVersion "1"]
[SourceVersionDate "2023.11.30"]
[SourceQuality "1"]
[WhiteTeam "Masters"]
[BlackTeam "Challengers"]
[WhiteTeamCountry "USA"]
[BlackTeamCountry "USA"]

1. e4 c5 2. Nf3 Nc6 3. c3 Nf6 4. e5 Nd5 5. d4 cxd4 6. Bc4 Nb6 7. Bb3 d5 8. exd6 Qxd6 9. 0-0 Be6 10. Bxe6 Qxe6 11. Nxd4 Nxd4 12. Qxd4 Rd8 13. Qh4 h5 14. h3 f6 15. Nd2 g5 16. Qe4 Qxe4 17. Nxe4 Kf7 18. Be3 e6 19. f4 g4 20. f5 e5 21. Rad1 Be7 22. Bxb6 axb6 23. hxg4 hxg4 24. Rxd8 Rxd8 25. Kf2 Kg7 26. Re1 b5 27. a3 Rd5 28. Rh1 Bd8 29. Ke2 Be7 30. Rh4 Rd8 31. Rxg4+ Kf7 32. Rh4 Rg8 33. Rh7+ Ke8 34. Kf3 b6 35. g4 Kf8 36. b4 Bd8 37. Nd6 e4+ 38. Kf4 Rg5 39. Rf7+ Kg8 40. Rd7 e3 41. Rxd8+ Kh7 42. Rd7+ 1-0

[Event "Redmond PNWCC Schev 1"]
[Site "Redmond"]
[Date "2023.08.19"]
[Round "2.1"]
[White "Sripada, Havish"]
[Black "Sevillano, Enrico"]
[Result "0-1"]
[WhiteElo "2132"]
[BlackElo "2358"]
[PlyCount "94"]
[EventDate "2023.08.19"]
[EventType "schev"]
[EventRounds "10"]
[EventCountry "USA"]
[SourceTitle "CBM 216 Extra"]
[Source "ChessBase"]
[SourceDate "2023.11.30"]
[SourceVersion "1"]
[SourceVersionDate "2023.11.30"]
[SourceQuality "1"]
[WhiteTeam "Challengers"]
[BlackTeam "Masters"]
[WhiteTeamCountry "USA"]
[BlackTeamCountry "USA"]

1. e4 g6 2. d4 Bg7 3. Nc3 c6 4. f4 d5 5. e5 h5 6. Nf3 Nh6 7. Bd3 Bf5 8. 0-0 e6 9. b3 a6 10. Ne2 0-0 11. c4 dxc4 12. bxc4 b5 13. a4 bxc4 14. Bxc4 a5 15. Ba3 Re8 16. Rc1 Na6 17. Kh1 Nb4 18. Bxb4 axb4 19. Bb3 Be4 20. Ng5 Bd5 21. Bc2 Nf5 22. Bxf5 exf5 23. Ng3 b3 24. Nxf5 gxf5 25. Qxh5 Qd7 26. Qh7+ Kf8 27. Qh4 Re6 28. Rc3 Rh6 29. Nh7+ Ke8 30. Nf6+ Bxf6 31. Qxh6 Be7 32. Rg3 Bf8 33. Rg8 Qe7 34. Qh3 Kd7 35. Qxf5+ Kc7 36. Rb1 Qb4 37. h4 Rxa4 38. e6 Bxe6 39. Qe5+ Bd6 40. Qf6 Qxd4 41. Qd8+ Kb7 42. Rg3 Ra1 43. Rgxb3+ Bxb3 44. Qd7+ Kb6 45. Qd8+ Kc5 46. Qg5+ Bd5 47. Qf5 Qb2 0-1

[Event "Sunnyvale Independence Day op"]
[Site "Sunnyvale"]
[Date "2023.07.02"]
[Round "5"]
[White "Sevillano, Enrico"]
[Black "Yu, Jiangwei"]
[Result "1-0"]
[WhiteElo "2357"]
[BlackElo "2261"]
[PlyCount "61"]
[EventDate "2023.06.30"]
[EventType "swiss"]
[EventRounds "9"]
[EventCountry "USA"]
[SourceTitle "EXT 2024"]
[Source "ChessBase"]
[SourceDate "2023.10.10"]
[SourceVersion "1"]
[SourceVersionDate "2023.10.10"]
[SourceQuality "1"]

1. e4 c5 2. c3 Nf6 3. e5 Nd5 4. d4 cxd4 5. Qxd4 e6 6. Nf3 Nc6 7. Qe4 f5 8. Qe2 d6 9. g3 Qc7 10. exd6 Bxd6 11. Bg2 Qe7 12. 0-0 Nf6 13. Nbd2 0-0 14. Nc4 Bc7 15. b3 Rd8 16. Ba3 Qe8 17. Rad1 Nd5 18. Bb2 Rb8 19. Rfe1 b5 20. Nce5 Nxe5 21. Nxe5 Bb6 22. c4 bxc4 23. Nxc4 Ba6 24. Qe5 Qg6 25. Nxb6 axb6 26. h4 Nb4 27. Rd7 Rxd7 28. Qxb8+ Kf7 29. Ba3 Qg4 30. Qe5 Re7 31. Qd6 1-0

[Event "Sunnyvale Independence Day op"]
[Site "Sunnyvale"]
[Date "2023.07.01"]
[Round "2"]
[White "Guo, Andrew"]
[Black "Sevillano, Enrico"]
[Result "1/2-1/2"]
[WhiteElo "2321"]
[BlackElo "2357"]
[PlyCount "33"]
[EventDate "2023.06.30"]
[EventType "swiss"]
[EventRounds "9"]
[EventCountry "USA"]
[SourceTitle "EXT 2024"]
[Source "ChessBase"]
[SourceDate "2023.10.10"]
[SourceVersion "1"]
[SourceVersionDate "2023.10.10"]
[SourceQuality "1"]

1. d4 Nf6 2. c4 e6 3. Nf3 d5 4. g3 Nbd7 5. Bg2 dxc4 6. 0-0 Rb8 7. a4 a6 8. a5 Bb4 9. Qa4 Qe7 10. Bd2 Bd6 11. Qxc4 0-0 12. Nc3 c5 13. dxc5 Nxc5 14. b4 Ncd7 15. b5 Ne5 16. Nxe5 Bxe5 17. Bf4 1/2-1/2

[Event "Milpitas 1000 GM Schev April"]
[Site "Milpitas"]
[Date "2023.04.01"]
[Round "2.1"]
[White "Sathish, Pranav"]
[Black "Sevillano, Enrico"]
[Result "0-1"]
[WhiteElo "2021"]
[BlackElo "2334"]
[PlyCount "112"]
[EventDate "2023.03.31"]
[EventType "schev"]
[EventRounds "10"]
[EventCountry "USA"]
[SourceTitle "CBM 213 Extra"]
[Source "ChessBase"]
[SourceDate "2023.05.31"]
[SourceVersion "1"]
[SourceVersionDate "2023.05.31"]
[SourceQuality "1"]

1. Nf3 g6 2. e4 c6 3. d4 d5 4. e5 h5 5. Bd3 Nh6 6. 0-0 Bg4 7. h3 Bxf3 8. Qxf3 e6 9. c3 c5 10. a3 Nc6 11. Be3 Nf5 12. Bxf5 gxf5 13. b4 c4 14. Nd2 a5 15. Qe2 a4 16. Nf3 Be7 17. Qd2 Rg8 18. Kh2 h4 19. Bf4 Kd7 20. Rg1 Rg6 21. g3 hxg3+ 22. fxg3 Qh8 23. Kg2 Rag8 24. Kf2 b5 25. h4 Rg4 26. Rae1 Bd8 27. Ng5 Qh5 28. Nf3 Ne7 29. Bg5 Ng6 30. Bxd8 Kxd8 31. Nh2 Nf4 32. Nxg4 Nh3+ 33. Kg2 Qxg4 34. Kh2 f4 35. Qg2 Ng5 36. Kh1 Nf3 37. Ref1 Nxg1 38. Kxg1 fxg3 39. Rxf7 Qxh4 40. Rf3 Ke7 41. Kf1 Qh2 42. Re3 Rg4 43. Rf3 Rg5 44. Rf6 Qh7 45. Kg1 Qb1+ 46. Rf1 Qg6 47. Rf6 Qh5 48. Rf3 Qg4 49. Qf1 Rg7 50. Qg2 Qg5 51. Kf1 Qc1+ 52. Ke2 Qxa3 53. Qh3 Qb2+ 54. Ke3 Qxc3+ 55. Ke2 Qc2+ 56. Ke1 Qe4+ 0-1

[Event "Las Vegas"]
[Site "Las Vegas"]
[Date "2023.03.08"]
[Round "5"]
[White "Sevillano, Enrico"]
[Black "Durham, Dan"]
[Result "1-0"]
[WhiteElo "2334"]
[BlackElo "2211"]
[PlyCount "65"]
[EventDate "2023.03.05"]
[EventType "tourn"]
[EventRounds "10"]
[EventCountry "USA"]
[EventCategory "6"]
[SourceTitle "CBM 213 Extra"]
[Source "ChessBase"]
[SourceDate "2023.05.31"]
[SourceVersion "1"]
[SourceVersionDate "2023.05.31"]
[SourceQuality "1"]

1. e4 c5 2. c3 d5 3. exd5 Qxd5 4. d4 Nc6 5. Nf3 Nf6 6. Be2 e6 7. Na3 cxd4 8. Nb5 Qd8 9. Nbxd4 Nxd4 10. Nxd4 a6 11. Bf4 Qb6 12. Qb3 Bc5 13. Rd1 0-0 14. 0-0 Bd7 15. Bf3 Ra7 16. Be5 Rd8 17. c4 Be8 18. Qc3 Bb4 19. Qe3 Be7 20. Nc6 Bc5 21. Rxd8 Bxe3 22. Bxf6 gxf6 23. Rxe8+ Kg7 24. Nxa7 Bc5 25. Rb8 Qxb2 26. Rxb7 Qxa2 27. Nc6 Qxc4 28. Nd8 a5 29. h4 a4 30. Rxf7+ Kg6 31. h5+ Kg5 32. Rg7+ Kh6 33. Rg4 1-0

[Event "Las Vegas"]
[Site "Las Vegas"]
[Date "2023.03.07"]
[Round "4"]
[White "Mista, Aleksander"]
[Black "Sevillano, Enrico"]
[Result "0-1"]
[WhiteElo "2534"]
[BlackElo "2334"]
[PlyCount "70"]
[EventDate "2023.03.05"]
[EventType "tourn"]
[EventRounds "10"]
[EventCountry "USA"]
[EventCategory "6"]
[SourceTitle "CBM 213 Extra"]
[Source "ChessBase"]
[SourceDate "2023.05.31"]
[SourceVersion "1"]
[SourceVersionDate "2023.05.31"]
[SourceQuality "1"]

1. e4 c5 2. Nf3 Nc6 3. d4 cxd4 4. Nxd4 Nf6 5. Nc3 e5 6. Ndb5 d6 7. Bg5 a6 8. Na3 b5 9. Bxf6 gxf6 10. Nd5 Bg7 11. Bd3 Be6 12. 0-0 h5 13. c4 bxc4 14. Nxc4 Nd4 15. Nce3 Kf8 16. b4 h4 17. a4 Bh6 18. b5 axb5 19. axb5 Rxa1 20. Qxa1 Bxe3 21. Nxe3 h3 22. g3 d5 23. Rb1 dxe4 24. Bxe4 f5 25. Bxf5 Nxf5 26. Nxf5 Bxf5 27. Qxe5 Rh5 28. Qc5+ Kg8 29. Re1 Bg6 30. Qc6 Re5 31. Ra1 Rd5 32. Qc1 Rxb5 33. Qf1 Qd7 34. Rd1 Qf5 35. Qc4 Qf3 0-1

[Event "Las Vegas"]
[Site "Las Vegas"]
[Date "2023.01.16"]
[Round "9"]
[White "Bitoon, Richard"]
[Black "Sevillano, Enrico"]
[Result "1/2-1/2"]
[WhiteElo "2384"]
[BlackElo "2373"]
[PlyCount "22"]
[EventDate "2023.01.12"]
[EventType "tourn"]
[EventRounds "10"]
[EventCountry "USA"]
[EventCategory "2"]
[SourceTitle "CBM 212 Extra"]
[Source "ChessBase"]
[SourceDate "2023.03.31"]
[SourceVersion "1"]
[SourceVersionDate "2023.03.31"]
[SourceQuality "1"]

1. e4 e5 2. Nf3 Nf6 3. Nxe5 d6 4. Nf3 Nxe4 5. Qe2 Qe7 6. Nc3 Nxc3 7. dxc3 Nc6 8. Bg5 Qxe2+ 9. Bxe2 Be7 10. 0-0-0 h6 11. Bxe7 Nxe7 1/2-1/2

[Event "Las Vegas"]
[Site "Las Vegas"]
[Date "2023.01.15"]
[Round "6"]
[White "Sevillano, Enrico"]
[Black "Kretchetov, Alexandre"]
[Result "1/2-1/2"]
[WhiteElo "2373"]
[BlackElo "2152"]
[PlyCount "70"]
[EventDate "2023.01.12"]
[EventType "tourn"]
[EventRounds "10"]
[EventCountry "USA"]
[EventCategory "2"]
[SourceTitle "CBM 212 Extra"]
[Source "ChessBase"]
[SourceDate "2023.03.31"]
[SourceVersion "1"]
[SourceVersionDate "2023.03.31"]
[SourceQuality "1"]

1. e4 e5 2. Nf3 Nc6 3. Bb5 a6 4. Ba4 d6 5. c3 g6 6. d4 Bd7 7. dxe5 Nxe5 8. Nxe5 dxe5 9. 0-0 Bxa4 10. Qxa4+ Qd7 11. Qb3 0-0-0 12. Nd2 Nf6 13. Nc4 Qe6 14. Bg5 Be7 15. Rae1 Rhe8 16. Bxf6 Bxf6 17. Rd1 Kb8 18. Na5 Qxb3 19. Nxb3 c6 20. f3 Kc7 21. Kf2 Be7 22. Ke2 b5 23. c4 Kb6 24. Rc1 a5 25. Rc2 b4 26. Nc1 Bc5 27. Rd2 Rxd2+ 28. Kxd2 Rd8+ 29. Nd3 Bd4 30. Kc2 c5 31. a4 f5 32. b3 f4 33. Kd2 g5 34. Ke2 h5 35. h3 h4 1/2-1/2

[Event "Las Vegas"]
[Site "Las Vegas"]
[Date "2023.01.12"]
[Round "1"]
[White "Kretchetov, Alexandre"]
[Black "Sevillano, Enrico"]
[Result "1/2-1/2"]
[WhiteElo "2152"]
[BlackElo "2373"]
[PlyCount "74"]
[EventDate "2023.01.12"]
[EventType "tourn"]
[EventRounds "10"]
[EventCountry "USA"]
[EventCategory "2"]
[SourceTitle "CBM 212 Extra"]
[Source "ChessBase"]
[SourceDate "2023.03.31"]
[SourceVersion "1"]
[SourceVersionDate "2023.03.31"]
[SourceQuality "1"]

1. d4 d5 2. c4 e6 3. Nc3 h6 4. Nf3 Nf6 5. Bf4 Bb4 6. Qa4+ Nc6 7. e3 Bd7 8. Qc2 0-0 9. h3 dxc4 10. Bxc4 Na5 11. Be2 Nd5 12. Bh2 c5 13. 0-0 Bxc3 14. bxc3 cxd4 15. cxd4 Rc8 16. Qd2 Nc3 17. Bd3 Qe7 18. Rfc1 Qa3 19. Bd6 Qxd6 20. Rxc3 Rxc3 21. Qxc3 Nc6 22. Rb1 Rc8 23. Qd2 b6 24. Rc1 Nb4 25. Bb1 Rxc1+ 26. Qxc1 Nc6 27. Qc2 g6 28. h4 Qd5 29. e4 Qa5 30. Qd3 Be8 31. g4 h5 32. g5 Qb4 33. Bc2 Qd6 34. Qe3 Na5 35. Ne5 Nc6 36. Nf3 Na5 37. Ne5 Nc6 1/2-1/2

[Event "American op 57th"]
[Site "Orange"]
[Date "2022.11.27"]
[Round "9"]
[White "Wen, Tommy"]
[Black "Sevillano, Enrico"]
[Result "1/2-1/2"]
[WhiteElo "2091"]
[BlackElo "2380"]
[PlyCount "68"]
[EventDate "2022.11.22"]
[EventType "swiss"]
[EventRounds "9"]
[EventCountry "USA"]
[SourceTitle "EXT 2024"]
[Source "ChessBase"]
[SourceDate "2023.10.10"]
[SourceVersion "1"]
[SourceVersionDate "2023.10.10"]
[SourceQuality "1"]

1. e4 g6 2. d4 Bg7 3. Nc3 d6 4. Be3 a6 5. h4 h5 6. Nh3 b5 7. Ng5 c6 8. Qd2 Nd7 9. 0-0-0 Nb6 10. e5 d5 11. e6 Bxe6 12. Nxe6 fxe6 13. Bd3 Kf7 14. Qe2 Nh6 15. f3 Nf5 16. g4 Nxe3 17. Qxe3 Qd6 18. Kb1 Rag8 19. Ne2 e5 20. gxh5 Rxh5 21. Ng3 exd4 22. Qf2 Re5 23. f4 Re3 24. f5 Rf8 25. fxg6+ Kg8 26. Nf5 Na4 27. Qd2 Rxf5 28. Bxf5 Nxb2 29. Kxb2 Qa3+ 30. Kb1 d3 31. cxd3 Bc3 32. Qc2 Re2 33. Qxe2 Qb4+ 34. Kc1 Qa3+ 1/2-1/2

[Event "Calgary 13th"]
[Site "Calgary"]
[Date "2022.09.24"]
[Round "7"]
[White "Bitan, Banerjee"]
[Black "Sevillano, Enrico"]
[Result "1/2-1/2"]
[WhiteElo "2395"]
[BlackElo "2406"]
[PlyCount "37"]
[EventDate "2022.09.20"]
[EventType "tourn"]
[EventRounds "9"]
[EventCountry "CAN"]
[SourceTitle "CBM 210 Extra"]
[Source "ChessBase"]
[SourceDate "2022.11.30"]
[SourceVersion "1"]
[SourceVersionDate "2022.11.30"]
[SourceQuality "1"]

1. d4 d5 2. c4 e6 3. Nc3 c6 4. Nf3 Nf6 5. Bg5 dxc4 6. e4 b5 7. e5 h6 8. Bh4 g5 9. Nxg5 hxg5 10. Bxg5 Nbd7 11. exf6 Qa5 12. Be2 Bb7 13. Bf3 0-0-0 14. Qe2 Bh6 15. Bxh6 Rxh6 16. Qe3 Rdh8 17. a3 Nxf6 18. 0-0-0 Qc7 19. Qe5 1/2-1/2

[Event "Calgary 13th"]
[Site "Calgary"]
[Date "2022.09.24"]
[Round "8"]
[White "Sevillano, Enrico"]
[Black "Ng, Gary"]
[Result "1-0"]
[WhiteElo "2406"]
[BlackElo "2241"]
[PlyCount "36"]
[EventDate "2022.09.20"]
[EventType "tourn"]
[EventRounds "9"]
[EventCountry "CAN"]
[SourceTitle "CBM 210 Extra"]
[Source "ChessBase"]
[SourceDate "2022.11.30"]
[SourceVersion "1"]
[SourceVersionDate "2022.11.30"]
[SourceQuality "1"]

1. e4 b6 2. d4 Bb7 3. Nd2 e6 4. Ngf3 d5 5. Bd3 Nf6 6. Qe2 Be7 7. 0-0 0-0 8. Re1 c5 9. exd5 Qxd5 10. c4 Qh5 11. d5 Bd6 12. dxe6 Re8 13. exf7+ Kxf7 14. Ne4 Kf8 15. Nxf6 gxf6 16. Bh6+ Qxh6 17. Qxe8+ Kg7 18. Re7+ Bxe7 1-0

[Event "Hollywood Classic 3rd"]
[Site "Los Angeles"]
[Date "2022.08.04"]
[Round "2"]
[White "Woodward, Andy"]
[Black "Sevillano, Enrico"]
[Result "1-0"]
[WhiteElo "2475"]
[BlackElo "2390"]
[PlyCount "129"]
[EventDate "2022.08.03"]
[EventType "swiss"]
[EventRounds "9"]
[EventCountry "USA"]
[SourceTitle "CBM 209 Extra"]
[Source "ChessBase"]
[SourceDate "2022.09.30"]
[SourceVersion "1"]
[SourceVersionDate "2022.09.30"]
[SourceQuality "1"]

1. d4 Nf6 2. c4 e6 3. g3 d5 4. Nf3 dxc4 5. Bg2 Nc6 6. Qa4 Bd7 7. Qxc4 Bd6 8. 0-0 0-0 9. Nc3 Rb8 10. a3 b5 11. Qd3 a5 12. Bg5 h6 13. Bxf6 Qxf6 14. Rfc1 Rfd8 15. Ne4 Qe7 16. Qe3 Be8 17. Rc2 a4 18. Rac1 Na5 19. Nfd2 b4 20. axb4 Rxb4 21. Qc3 Nb3 22. Nxb3 Rxb3 23. Qa5 Rdb8 24. Qa7 Qd8 25. Nxd6 cxd6 26. Bc6 Bxc6 27. Rxc6 Ra8 28. Qxa8 Qxa8 29. Rc8+ Qxc8 30. Rxc8+ Kh7 31. Rc2 d5 32. e3 h5 33. h4 g5 34. hxg5 Kg6 35. Kg2 Kxg5 36. Kf3 Kf5 37. Rc7 f6 38. Ra7 e5 39. Rxa4 Rxb2 40. Ra5 Ke6 41. Ra6+ Kf5 42. Rd6 Rb5 43. dxe5 fxe5 44. Rd8 Ra5 45. Rf8+ Kg5 46. Kg2 Ra2 47. Rd8 Rd2 48. e4 d4 49. Rf8 h4 50. Rf5+ Kg4 51. gxh4 Kxh4 52. Kf3 Rd3+ 53. Ke2 Ra3 54. Rxe5 Kg4 55. Rf5 Rb3 56. f3+ Kg3 57. e5 Ra3 58. Kd2 Re3 59. f4 Kf3 60. Rf6 Ke4 61. e6 Rd3+ 62. Kc2 Rc3+ 63. Kb2 Kd5 64. f5 Rc8 65. e7 1-0

[Event "US op Irwin 122nd"]
[Site "Rancho Mirage"]
[Date "2022.07.31"]
[Round "2"]
[White "Sevillano, Enrico"]
[Black "Rogers, Norman"]
[Result "1-0"]
[WhiteElo "2390"]
[BlackElo "2084"]
[PlyCount "155"]
[EventDate "2022.07.30"]
[EventType "swiss"]
[EventRounds "6"]
[EventCountry "USA"]
[SourceTitle "CBM 209 Extra"]
[Source "ChessBase"]
[SourceDate "2022.09.30"]
[SourceVersion "1"]
[SourceVersionDate "2022.09.30"]
[SourceQuality "1"]

1. e4 c6 2. c4 g6 3. Nc3 Bg7 4. d4 d6 5. h3 Nf6 6. Nf3 0-0 7. Be3 a5 8. Bd3 Nbd7 9. 0-0 e5 10. dxe5 dxe5 11. c5 Nh5 12. Bc4 Nf4 13. Qd6 a4 14. b4 Re8 15. Rad1 Qf6 16. Kh1 Nf8 17. Qxf6 Bxf6 18. Bxf4 exf4 19. e5 Be7 20. Ne4 Be6 21. Bxe6 Nxe6 22. Rd7 Rab8 23. a3 Kg7 24. Rfd1 Nf8 25. R7d3 h6 26. Nfd2 b6 27. cxb6 Rxb6 28. Nc4 Ra6 29. Rc1 Ne6 30. Rd7 Ng5 31. Re1 Kf8 32. Ncd6 Nxe4 33. Nxe4 Raa8 34. Rc1 Rac8 35. Ra7 Red8 36. Ra5 Rd4 37. f3 Rcd8 38. Rxa4 g5 39. Ra6 h5 40. Raxc6 g4 41. hxg4 hxg4 42. Kh2 Kg7 43. Rc8 R8d5 44. R8c4 Rd3 45. R1c3 Rd1 46. fxg4 Rxe5 47. Rf3 Ra1 48. Rxf4 Rxa3 49. Ng3 Bd6 50. Rc6 Bb8 51. Rc8 Rb5 52. Rf3 Rxf3 53. gxf3 Rxb4 54. Kh3 Bxg3 55. Kxg3 Ra4 56. Re8 Rb4 57. g5 Ra4 58. f4 Rb4 59. Kf3 Ra4 60. Re4 Ra5 61. Kg4 f5+ 62. gxf6+ Kxf6 63. Rb4 Ra6 64. Rb8 Rc6 65. Rh8 Kg7 66. Rh1 Rc5 67. Ra1 Rc7 68. Ra5 Kf6 69. Ra6+ Kg7 70. Kg5 Rc5+ 71. f5 Rc7 72. Rg6+ Kf7 73. Rh6 Rc1 74. Rh7+ Kg8 75. Ra7 Rc8 76. Kg6 Rb8 77. f6 Rc8 78. Rg7+ 1-0